Normal view
MARC view
- خليفة، عبد العزيز عبد المنعم
Entry Personal Name
001 - CONTROL NUMBER
- control field: 44851
003 - CONTROL NUMBER IDENTIFIER
- control field: JO-AjAnu
005 - DATE AND TIME OF LATEST TRANSACTION
- control field: 20230606081425.0
008 - FIXED-LENGTH DATA ELEMENTS
- fixed length control field: 230606|| aca||aabn | a|a d
040 ## - CATALOGING SOURCE
- Original cataloging agency: JO-AjAnu
- Transcribing agency: JO-AjAnu
100 ## - HEADING--PERSONAL NAME
- Personal name: خليفة، عبد العزيز عبد المنعم
670 ## - SOURCE DATA FOUND
- Source citation: Work cat.: (JO-AjAnu)22966: خليفة، عبد العزيز عبد المنعم, author, الأسس العامة للعقود الإدارية : الإبرام - التنفيذ - المنازعات في ضوء أحدث أحكام مجلس الدولة ووفقا لأحكام قانون المناقضات والمزايدات